000 00847cam a22002651 4500
001 sa 68003359
003 DLC
005 20260227112452.0
008 710903s1967 ii b 000 0 eng
010 _asa 68003359
040 _aDLC
_cDLC
_dDLC
043 _aa-ii---
050 0 0 _aJQ298.A1
_bC4
082 0 0 _a329.9/54
110 2 _aCentre for the Study of Developing Societies.
245 1 0 _aParty system and election studies.
_bContributors: Rajni Kothari [and others]
260 _aBombay,
_bAllied Publishers
_c[1967]
300 _aix, 294 p.
_c23 cm.
410 2 1 _aIts
_tOccasional papers,
_vno. 1
500 _aLabel on t.p.: Sole distributors in the USA, Paragon Book Gallery. New York.
504 _aBibliographical footnotes.
650 0 _aPolitical parties
_zIndia.
650 0 _aElections
_zIndia.
700 1 _aKothari, Rajni.
999 _c79422
_d79422